| 000 | 00723nam a2200217 a 4500 | ||
|---|---|---|---|
| 005 | 20220524063646.0 | ||
| 008 | 991125s1994 mx 000 0 spa u | ||
| 020 | _a9684308701 | ||
| 035 | _aUPN01000045867 | ||
| 049 | _aLT | ||
| 050 | 4 |
_aLB1648 M6.3 _bL6.6 LE |
|
| 100 | 1 | _aLozano Carranza, Víctor Manuel | |
| 245 | 1 | 0 |
_aPrácticas de física : _b3er. curso / _cVíctor Manuel Lozano Carranza ; coord. Concepción Madrigal Mexía |
| 260 |
_aMéxico : _bSantillana, _c1994 |
||
| 300 |
_a79 p. : _bil., fots. |
||
| 500 | _a"Educación secundaria" | ||
| 650 | 4 |
_aMatemáticas _xEstudio y enseñanza (Secundaria) _94860 |
|
| 700 | 1 |
_aMadrigal Mexía, Concepción, _ecoord. _929655 |
|
| 904 |
_aAC _b045869 |
||
| 905 | _aLibro | ||
| 999 |
_c45867 _d45867 |
||